Pokémon- Quelle est cette Ball ? - Statistiques

Statistiques générales
  • Ce quiz a été pris 76 fois
  • Le résultat moyen est 22 sur 40
Statistiques - réponses
Par images Réponse % Correct
Master Ball
100%
Poké Ball
100%
Poké Ball
100%
Super Ball
98%
Super Ball
98%
Hyper Ball
97%
Hyper Ball
97%
Filet Ball
82%
Love Ball
82%
Honor Ball
80%
Safari Ball
80%
Sombre Ball
80%
Rapide Ball
77%
Chrono Ball
74%
Luxe Ball
73%
Soin Ball
73%
Masse Ball
62%
Masse Ball
62%
Bis Ball
61%
Scuba Ball
59%
Ultra Ball
59%
Lune Ball
56%
Copain Ball
41%
Appât Ball
39%
Faiblo Ball
39%
Niveau Ball
39%
Speed Ball
33%
GS Ball
30%
Gigamasse Ball
26%
Mégamasse Ball
26%
Rêve Ball
26%
Mémoire Ball
24%
Plume Ball
24%
Envol Ball
18%
Origine Ball
17%
Compét'Ball
11%
Etrange Ball
11%
Parc Ball
11%
Propulse Ball
8%
Agass'Ball
5%
Aucun quiz correspondant
Distribution des résultats
% des personnes avec chaque résultat
Percentile par nombre de réponses
Votre historique - résultats
Vous n’avez pas pris ce quiz